| 000 | 00485nam a22001817a 4500 | ||
|---|---|---|---|
| 003 | CEME | ||
| 005 | 20210628201843.0 | ||
| 008 | 210222b xxu||||| |||| 00| 0 eng d | ||
| 040 | _c. | ||
| 082 | _a343.015 MPML | ||
| 100 |
_aGovt Of Pakistan Defence Ministry _957108 |
||
| 245 | _aManual of pakistan military law, vol-ii | ||
| 250 | _a2ND REVISED ED | ||
| 260 |
_aRAWALPINDI _bGOVERNMENT OF PAKISTAN _c1987 |
||
| 300 | _aVOL-2 | ||
| 650 |
_aMPML VOL-II _957109 |
||
| 942 |
_cBK _2ddc |
||
| 999 |
_c567409 _d567409 |
||